000 00534nam a2200193Ia 4500
005 20250326142620.0
008 250326s9999 xx 000 0 und d
037 _aTextbook
040 _aFMSL
_beng
_cFMSL
041 _aeng
_2eng
084 _aX:8F.1 N2;1
_qFMSL
100 _aChoi F D S
_9738266
245 0 _aInternational accounting
_cChoi F D S; Muller G G
250 _a2
260 _aNew Jersey
_bNew Jersey, Prentice-Hall
_c1992
300 _a610p
942 _cTB
_hX:8F.1 N2;1
999 _c1295842
_d1295842